000 00672nam a2200229Ia 4500
003 OSt
005 20220925181735.0
006 a|||||r|||| 00| 0
007 ta
008 220923b |||||||| |||| 00| 0 eng d
037 _cGeneral Book
040 _aRTL
_cRTL
_beng
041 _2eng
_aeng
082 _aX6212>73.N74<N70r, L4
110 _aFEDERAL RESERVE BANK OF CHICAGO
_9254641
245 0 _aAnnual report,1970-74.
260 _aChicago
_bFederal Reserve Bank of Chicago
_c1974
300 _a8p.
_ccm.
700 _aFEDERAL RESERVE BANK OF CHICAGO
_9254642
942 _hX6212>73.N74<N70r, L4
_cGB
_2CC
999 _c500139
_d500139